The ηN N-system at low energy within a three-body approach; Nuclear Physics A; Vol. 697, iss. 1-2

Dades bibliogràfiques
Parent link:Nuclear Physics A: Scientific Journal.— , 1967-
Vol. 697, iss. 1-2.— 2002.— [P. 277-302]
Autor principal: Fiks (Fix) A. I. Alexander Ivanovich
Altres autors: Arenhovel H.
Sumari:Title screen
The role of the ηNN interaction is studied in the low-energy regime in η-deuteron reactions as well as in coherent and incoherent η photoproduction on the deuteron using a three-body model with separable two-body interactions. The three-body approach turns out to be quite essential in the most important lowest partial wave. Results are presented for differential and total cross sections as well as for the η-meson spectrum. They differ significantly from those predicted by a simple rescattering model in which only first-order ηN and NN interactions in the final state are considered. The major features of the experimental data of η photoproduction in the near-threshold region are well reproduced.
Режим доступа: по договору с организацией-держателем ресурса
Idioma:anglès
Publicat: 2002
Matèries:
Accés en línia:http://dx.doi.org/10.1016/S0375-9474(01)01230-1
Format: MixedMaterials Electrònic Capítol de llibre
KOHA link:https://koha.lib.tpu.ru/cgi-bin/koha/opac-detail.pl?biblionumber=652028

MARC

LEADER 00000naa0a2200000 4500
001 652028
005 20250326154603.0
035 |a (RuTPU)RU\TPU\network\17291 
035 |a RU\TPU\network\15167 
090 |a 652028 
100 |a 20161130d2002 k||y0rusy50 ba 
101 0 |a eng 
102 |a NL 
135 |a drcn ---uucaa 
181 0 |a i  
182 0 |a b 
200 1 |a The ηN N-system at low energy within a three-body approach  |f A. I. Fiks (Fix), H. Arenhovel 
203 |a Text  |c electronic 
300 |a Title screen 
320 |a [References: p. 301-302 (42 tit.)] 
330 |a The role of the ηNN interaction is studied in the low-energy regime in η-deuteron reactions as well as in coherent and incoherent η photoproduction on the deuteron using a three-body model with separable two-body interactions. The three-body approach turns out to be quite essential in the most important lowest partial wave. Results are presented for differential and total cross sections as well as for the η-meson spectrum. They differ significantly from those predicted by a simple rescattering model in which only first-order ηN and NN interactions in the final state are considered. The major features of the experimental data of η photoproduction in the near-threshold region are well reproduced. 
333 |a Режим доступа: по договору с организацией-держателем ресурса 
461 |t Nuclear Physics A  |o Scientific Journal  |d 1967- 
463 |t Vol. 697, iss. 1-2  |v [P. 277-302]  |d 2002 
610 1 |a электронный ресурс 
610 1 |a труды учёных ТПУ 
610 1 |a фоторождение 
610 1 |a режим низких энергий 
700 1 |a Fiks (Fix)  |b A. I.  |c Physicist  |c Professor of Tomsk Polytechnic University, Doctor of Physical and Mathematical Sciences  |f 1968-  |g Alexander Ivanovich  |3 (RuTPU)RU\TPU\pers\33830  |9 17419 
701 1 |a Arenhovel  |b H. 
801 2 |a RU  |b 63413507  |c 20161202  |g RCR 
856 4 |u http://dx.doi.org/10.1016/S0375-9474(01)01230-1 
942 |c CF